Física / (Registro nro. 406)
[ vista simple ]
| 000 -LEADER | |
|---|---|
| fixed length control field | 02888nam a2200277Ia 4500 |
| 003 - CONTROL NUMBER IDENTIFIER | |
| control field | PE SENCICO BE |
| 005 - DATE AND TIME OF LATEST TRANSACTION | |
| control field | 20260226202124.0 |
| 008 - FIXED-LENGTH DATA ELEMENTS--GENERAL INFORMATION | |
| fixed length control field | 200515s9999 xx 000 0 und d |
| 020 ## - INTERNATIONAL STANDARD BOOK NUMBER | |
| International Standard Book Number | 970 101 296 8 |
| 040 ## - CATALOGING SOURCE | |
| Original cataloging agency | PE SENCICO BE |
| Transcribing agency | PE SENCICO BE |
| 041 ## - LANGUAGE CODE | |
| Language code of text/sound track or separate title | spa |
| 082 ## - DEWEY DECIMAL CLASSIFICATION NUMBER | |
| Classification number | 530 |
| Item number | S42 1997 |
| 100 1# - MAIN ENTRY--PERSONAL NAME | |
| Personal name | Serway, Raymond A. |
| 9 (RLIN) | 136 |
| Relator term | autor |
| 245 10 - TITLE STATEMENT | |
| Title | Física / |
| Statement of responsibility, etc. | Raymond A. Serway; traductor: Gabriel Nagore Cázares; revisor: Eduardo Cruz |
| 250 ## - EDITION STATEMENT | |
| Edition statement | 4a ed. |
| 260 ## - PUBLICATION, DISTRIBUTION, ETC. | |
| Place of publication, distribution, etc. | Bogotá : |
| Name of publisher, distributor, etc. | Mc Graw Hill ; |
| Date of publication, distribution, etc. | 1997 |
| 300 ## - PHYSICAL DESCRIPTION | |
| Extent | tomos : |
| Other physical details | ilustraciones, tablas, diagramas ; |
| Dimensions | 27 cm. x 21 cm. |
| 505 0# - FORMATTED CONTENTS NOTE | |
| Formatted contents note | Tomo I:-- PARTE I: MECANICA-- Física y medición—Movimiento en una dimensión— Vectores— Movimiento en dos direcciones— Las leyes del movimiento— Movimiento circular y otras aplicaciones de las leyes de Newton— Trabajo y energía— Energía potencial y conservación de la energía— Momento lineal y choques— Rotación de un cuerpo rígido alrededor de un eje fijo— Movimiento de rodamiento, momento angular y momento de torsión— Equilibrio estático y elasticidad—Movimiento oscilatorio—La ley de la gravedad— Mecánica de fluidos— PARTE II: ONDAS MECANICAS-- Movimiento ondulatorio— Ondas sonoras— Superposición y ondas estacionarias— PARTE III: TERMODINAMICA-- Temperatura— Calor y la primera ley de termodinámica— La teoría cinética de los gases— Máquinas térmicas, entropía y la segunda ley de la termodinámica. tomo II:-- PARTE IV: ELECTRICIDAD Y MAGNETISMO-- Campos eléctricos— Ley de Gauss—Potencial eléctrico— Capacitancia y dieléctricos— Corriente y resistencia— Circuitos de corriente continua—Campos magnéticos— Fuentes de campos magnéticos— Ley de Faraday— Inductancia—Circuitos de corriente alterna— Ondas electromagnéticas-- PARTE V: LUZ Y OPTICA-- La naturaleza de la luz y las leyes de la óptica geométrica— Óptica geométrica— Interferencia de ondas luminosas—Difracción y polarización-- PARTE VI: FISICA MODERNA-- Relatividad— Introducción a la física cuántica—Mecánica cuántica— Física atómica— Moléculas y sólidos— Superconductividad— Estructura nuclear— Fisión y fusión—Física de partículas y cosmología. |
| 520 3# - SUMMARY, ETC. | |
| Summary, etc. | Brinda una presentación clara y lógica de los conceptos y principios básicos de la física, y refuerza la comprensión de los conceptos y principios por medio de una amplia gama de interesantes aplicaciones en el mundo real. Al mismo tiempo se motiva al estudiante con ejemplos prácticos que muestren el papel de la física en disciplinas como la ingeniería, la química y la medicina. |
| 650 10 - SUBJECT ADDED ENTRY--TOPICAL TERM | |
| Topical term or geographic name entry element | Física |
| 9 (RLIN) | 280 |
| 650 20 - SUBJECT ADDED ENTRY--TOPICAL TERM | |
| Topical term or geographic name entry element | Electricidad |
| 9 (RLIN) | 467 |
| 650 20 - SUBJECT ADDED ENTRY--TOPICAL TERM | |
| Topical term or geographic name entry element | Termodinámica |
| 9 (RLIN) | 259 |
| 700 1# - ADDED ENTRY--PERSONAL NAME | |
| Personal name | Nagore Cázares, Gabriel |
| Relator term | traductor |
| 700 1# - ADDED ENTRY--PERSONAL NAME | |
| Personal name | Cruz, Eduardo |
| 9 (RLIN) | 138 |
| Relator term | revisor |
| 942 ## - ADDED ENTRY ELEMENTS (KOHA) | |
| Koha item type | Libros |
| Source of classification or shelving scheme | Dewey Decimal Classification |
| Fecha de la última vez que lo usaron | Pago total | Signatura topográfica completa | Código de barras | Tipo de documento | Estado perdido | Sistema de clasificación | Estado dañado | No es para préstamo | Retirado | Ubicación permanente | Ubicación actual | Número de ejemplar |
|---|---|---|---|---|---|---|---|---|---|---|---|---|
| 15/05/2020 | 530/S42/1997 | BibZtruj25122546 | Libros | Dewey Decimal Classification | Biblioteca Trujillo | Biblioteca Trujillo | ||||||
| 11/12/2025 | 530/S42/1997/ej. 2 | BibZtruj25122547 | Libros | Dewey Decimal Classification | Biblioteca Trujillo | Biblioteca Trujillo | 2 | |||||
| 11/12/2025 | 530/S42/1997/ej. 3 | BibZtruj25122548 | Libros | Dewey Decimal Classification | Biblioteca Trujillo | Biblioteca Trujillo | 3 | |||||
| 11/12/2025 | 530/S42/1997/ej. 4 | BibZtruj25122549 | Libros | Dewey Decimal Classification | Biblioteca Trujillo | Biblioteca Trujillo | 4 |